<?xml version="1.0" encoding="UTF-8"?>
<marc:record xmlns:marc="http://www.loc.gov/MARC21/slim">
   <marc:leader>00000nam a2200000 a 4500</marc:leader>
   <marc:datafield ind1=" " ind2=" " tag="653">
      <marc:subfield code="a">Liebe</marc:subfield>
   </marc:datafield>
   <marc:datafield ind1=" " ind2=" " tag="653">
      <marc:subfield code="a">Großeltern</marc:subfield>
   </marc:datafield>
   <marc:datafield ind1=" " ind2=" " tag="653">
      <marc:subfield code="a">Mission</marc:subfield>
   </marc:datafield>
   <marc:datafield ind1=" " ind2=" " tag="653">
      <marc:subfield code="a">Zeit</marc:subfield>
   </marc:datafield>
   <marc:datafield ind1="0" ind2="0" tag="245">
      <marc:subfield code="a">LEBEN jetzt 6/2021</marc:subfield>
   </marc:datafield>
   <marc:datafield ind1="0" ind2="0" tag="245">
      <marc:subfield code="b">Das Magazin der Steyler Missionare</marc:subfield>
   </marc:datafield>
   <marc:datafield ind1="0" ind2="0" tag="245">
      <marc:subfield code="c">Leben</marc:subfield>
   </marc:datafield>
   <marc:datafield ind1=" " ind2="1" tag="264">
      <marc:subfield code="a">Nettetal</marc:subfield>
      <marc:subfield code="b">Steyler Missionare </marc:subfield>
      <marc:subfield code="c">2021</marc:subfield>
   </marc:datafield>
   <marc:datafield ind1="1" ind2=" " tag="490">
      <marc:subfield code="a">Leben jetzt</marc:subfield>
   </marc:datafield>
   <marc:datafield ind1=" " ind2=" " tag="250">
      <marc:subfield code="a">2021 / 06</marc:subfield>
   </marc:datafield>
   <marc:datafield ind1="1" ind2=" " tag="520">
      <marc:subfield code="a">Auftrag: Liebe &lt;br/&gt;Die Nächstenliebe ist zentraler Bestandteil in den Weltreligionen.&lt;br/&gt;Und eine ganz schön schwere Aufgabe. &lt;br/&gt;Wie löst man die?&lt;br/&gt;Dürfen Großeltern missionieren?&lt;br/&gt;In vielen Familien glauben nur noch Oma und Opa.&lt;br/&gt;Dürfen sie den Glauben an die Enkel weitergeben?&lt;br/&gt;Leben für die Musik -&lt;br/&gt;Die Mezzosopranistin Danielle Rohr zog aus den USA extra &lt;br/&gt;ins kleine Koblenz, um dort an der Oper zu singen.&lt;br/&gt;Singen ist ihr Leben. Dann kam Corona&lt;br/&gt;Zeit für mich:&lt;br/&gt;- Zum Backen: Heiliggeist-Krapfen&lt;br/&gt;- Zum Nachdenken: Wie Hausarbeit schöner wird&lt;br/&gt;- Zum Freuen: Sommersonnenwende&lt;br/&gt;Meine Mission:&lt;br/&gt;Jeder Mensch hat etwas, was ihn antreibt. Seinem Leben Sinn gibt. Frauen und Männer sagen, wofür sie brennen. &lt;br/&gt;Und warum das manchmal auch wehtut. &lt;br/&gt;Plus: Was Mission heute für die Steyler bedeutet.&lt;br/&gt;</marc:subfield>
   </marc:datafield>
   <marc:datafield ind1=" " ind2=" " tag="041">
      <marc:subfield code="a">ger</marc:subfield>
   </marc:datafield>
   <marc:datafield ind1="1" ind2=" " tag="521">
      <marc:subfield code="a">0</marc:subfield>
   </marc:datafield>
   <marc:datafield ind1=" " ind2=" " tag="300">
      <marc:subfield code="a">46 S.</marc:subfield>
   </marc:datafield>
</marc:record>
